000 00864nam a2200217Ia 4500
999 _c39526
_d39526
001 6122
003 GE_BSU
005 20190923163846.0
008 181216s1964||||ge |||||||||||||| ||geo||
040 _cGE_BSU
041 _ageo
080 _a821.353.1-1 ა-93
100 _aაფხაიძე, შალვა
_94242
245 _aგაზაფხულის ნიაღვრები :
_bლექსები /
_cშალვა აფხაიძე ; რედ. ა. ადამია.
264 _aთბილისი :
_bლიტერატურა და ხელოვნება ;
_c1964.
300 _a118 გვ. ;
_c17 სმ.
653 _aგაზაფხულის ნიაღვრები
653 _aლექსები
700 _aადამია, ა.
_eრედაქტორი
_94246
942 _cBK
_2udc